000 00185nam a22000857a 4500
001 1244097
005 20251017154908.0
245 _aAMENTÜ
_cEMİNE TAŞGETİREN
260 _bALTIN YAYINLARI
999 _c1244097
_d1244097